Département et leur préfecture - Mort subite #2 - Statistiques

Statistiques générales
  • Ce quiz a été pris 561 fois
  • Le résultat moyen est 5 sur 10
Answers on the Grid
Answers color-coded by a green-red scale on the quiz's grid according to % correct below.
Aude- Béziers
Alpes-de-Haute-Provence - Gap
Haute-Saône - Vesoul
Pyrénées-Atlantiques - Bayonne
Charente - La Rochelle
Somme - Beauvais
Eure-et-Loir - Chartres
Yvelines - Versailles
Val-de-Marne - Vitry-sur-Seine
Manche - Cherbourg-en-Cotentin
Maine-et-Loire - Le Mans
Finistère - Quimper
Lot-et-Garonne - Agen
Aveyron - Rodez
Pyrénées-Orientales - Perpignan
Guyane - Kourou
Meurthe-et-Moselle - Metz
Yonne - Auxerre
Loire - Saint-Étienne
Loiret - Tours
Ardèche - Privas
 
Statistiques - réponses
Réponse % Correct
Pyrénées-Orientales - Perpignan
58%
Yonne - Auxerre
56%
Yvelines - Versailles
55%
Aveyron - Rodez
54%
Finistère - Quimper
53%
Loire - Saint-Étienne
51%
Ardèche - Privas
50%
Eure-et-Loir - Chartres
42%
Haute-Saône - Vesoul
41%
Lot-et-Garonne - Agen
38%
Aucun quiz correspondant
Distribution des résultats
% des personnes avec chaque résultat
Percentile par nombre de réponses
Votre historique - résultats
Vous n’avez pas pris ce quiz